Nilo nero : la profezia /

Tallennettuna:
Bibliografiset tiedot
Päätekijä: Faenza, Barbara (Tekijä)
Aineistotyyppi: Kirja
Kieli:italia
Julkaistu: San Giovanni in Persiceto : Maglio, 2018
Sarja:I narratori ; 13
Tagit: Lisää tagi
Ei tageja, Lisää ensimmäinen tagi!

MARC

LEADER 00000nam a22000007i 4500
001 IT\ICCU\UBO\4310048
003 ItRI
005 20260115232204.0
008 180414s2018 it |||||| ||||| |||||c
020 |a 9788897195689 
040 |b ita  |c importazione bologna sebina 
041 7 |a ita  |2 ISO-639-2 
100 1 |a Faenza, Barbara  |0 IT\ICCU\UBOV\364571  |4 aut 
245 1 0 |a Nilo nero :  |b la profezia /  |c Barbara Faenza. 
260 |a San Giovanni in Persiceto :  |b Maglio,  |c 2018 
300 |a 254 p. ;  |c 22 cm. 
830 2 |a I narratori ;  |v 13  |0 IT\ICCU\UBO\3886536 
942 |2 ddc  |c BK  |n 0 
952 |0 0  |1 0  |4 0  |6 DOC_853_920000000000000_FAE  |7 0  |9 21629  |a BO  |b BO  |d 2026-01-15  |i 18807  |l 0  |o DOC 853.92 FAE  |p BO18807  |r 2026-01-15 23:22:04  |w 2026-01-15  |x [Sebina 5] [1 v.]  |y BK  |z 1 v. (con dedica dell'autrice) 
999 |c 18473  |d 18473